000 00639nam a2200181Ia 4500
005 20250508160147.0
008 008 250505s9999 xx 000 0 eng d
037 _aBooks to be hide in OPAC
040 _aFEDL
_beng
_cFEDL
041 _aeng
_2eng
084 _qFEDL
245 0 _aState higher educational institutions of Iowa: A report to the Iowa state board of education of a survey made under the direction of the commissioner of education
260 _aWashington, USA
_bU.S. Government Printing Office
_c1916
300 _a223p.
546 _aBulletin, 1916, No. 19; Weeded out
942 _cHB
999 _c1362319
_d1362319